书目信息 |
| 题名: |
中文图书数据处理规程
|
|
| 作者: | 甘琳 编著 | |
| 分册: | ||
| 出版信息: | 北京 北京图书馆出版社 2000.12 |
|
| 页数: | 125页 | |
| 开本: | 26cm | |
| 丛书名: | ||
| 单 册: | ||
| 中图分类: | G254.36-62 | |
| 科图分类: | ||
| 主题词: | 图书馆学 , 图书馆事业 | |
| 电子资源: | ||
| ISBN: | 7-5013-1758-5 | |
| 000 | 00594nam0 2200205 45 | |
| 001 | 0261957910 | |
| 005 | 2002051317123792 | |
| 010 | @a7-5013-1758-5@dRMB 25.00 | |
| 100 | @a20020513d2000 km y0chiy0120 ea | |
| 101 | 0 | @achi |
| 102 | @aCN@b110000 | |
| 200 | 1 | @a中文图书数据处理规程@Azhong wen tu shu shu ju chu li gui cheng@f甘琳编著@Fgan lin bian zhu |
| 210 | @a北京@c北京图书馆出版社@d2000.12 | |
| 215 | @a125页@d26cm | |
| 606 | 0 | @a图书馆学 |
| 606 | 0 | @a图书馆事业 |
| 690 | @aG254.36-62@v3 | |
| 701 | 0 | @a甘琳@Agan lin@4编著 |
| 801 | 0 | @aCN@bPFT@c20020513 |
| 905 | @a10447@dG254.36-62@eG025 | |
| 中文图书数据处理规程/甘琳编著.-北京:北京图书馆出版社,2000.12 |
| 125页;26cm |
| ISBN 7-5013-1758-5:RMB 25.00 |
| ● |
| 相关链接 |
|
|
|
正题名:中文图书数据处理规程
索取号:G254.36-62/G025
 
预约/预借
| 序号 | 登录号 | 条形码 | 馆藏地/架位号 | 状态 | 备注 |
| 1 | 372693 | 203726931 | 社科库409/409社科库 59排6列2层/ [索取号:G254.36-62/G025] | 在馆 | |
| 2 | 372694 | 203726940 | 社科库409/409社科库 59排6列2层/ [索取号:G254.36-62/G025] | 在馆 |